Score 0/12 Timer 06:00
0 Plays Today
% Correct
Rhodes
98.7%
Montevideo
96.1%
Tbilisi
93.4%
Ouagadougou
89.5%
Kayseri
84.2%
Santa Vitoria do Palmar
82.9%
Greenville
78.9%
Tobruk
75%
Kidal
72.4%
Djanet
71.1%
near Minas
61.8%
Bouaké
59.2%
Remove Ads.
Support Sporcle.
Get the best of Sporcle when you Go Orange. This ad-free experience offers more features, more stats, and more fun while also helping to support Sporcle. Thank you for becoming a member.

You're not logged in!

Compare scores with friends on all Sporcle quizzes.
OR
Log In

Show Comments

Extras

Top Quizzes Today


Score Distribution

Your Account Isn't Verified!

In order to create a playlist on Sporcle, you need to verify the email address you used during registration. Go to your Sporcle Settings to finish the process.

Report this User

Report this user for behavior that violates our Community Guidelines.

Details: